Magyarország EU-s csatlakozása az ausztriai írott sajtó és közvélemény tükrében
Elmentve itt :
| Szerző: | |
|---|---|
| További közreműködők: | |
| Dokumentumtípus: | Szakdolgozat |
| Megjelent: |
2001
|
| Tárgyszavak: | |
| Online Access: | http://diploma.bibl.u-szeged.hu/37774 |
| LEADER | 00573nta a2200157 i 4500 | ||
|---|---|---|---|
| 001 | dipl37774 | ||
| 005 | 20130418121758.0 | ||
| 008 | 130418s2001 hu om 0|| hun d | ||
| 040 | |a SZTE Diploma Repozitórium |b hun | ||
| 041 | |a hun | ||
| 100 | 1 | |a Kiss Judit | |
| 245 | 1 | 0 | |a Magyarország EU-s csatlakozása az ausztriai írott sajtó és közvélemény tükrében |h [elektronikus dokumentum] / |c Judit Kiss |
| 260 | |c 2001 | ||
| 650 | 4 | |a Bölcsészettudományok | |
| 700 | 1 | |a Bodor Pál |e ths | |
| 856 | 4 | 0 | |u http://diploma.bibl.u-szeged.hu/id/eprint/37774/1/2001_kiss_judit.pdf |z Dokumentum-elérés |